| 000 | 00953nam a22003137a 4500 | ||
|---|---|---|---|
| 001 | 0032926 | ||
| 003 | KOHA_MİRAKIL | ||
| 005 | 20260207002835.0 | ||
| 007 | ta | ||
| 008 | 110823b2011 tu |||gr||||#||||1|tur | | ||
| 020 | _a9753590431 | ||
| 040 |
_aTR-BiSEU _btur _cTR-BiSEU _erda |
||
| 041 | 0 | _atur | |
| 044 | _ctu | ||
| 050 |
_aPL119 _b.B45 2011 |
||
| 100 | 1 | _aBelviranlı, Ali Kemali. | |
| 245 | 1 |
_aOsmanlıca imla lügati 3/ _cAli Kemali Belviranlı ; Ali Kemali Belviranlı. |
|
| 264 | 1 |
_aİstanbul : _bMarifet _c2011 |
|
| 336 |
_ametin _btxt _2rdacontent |
||
| 337 |
_aaracısız _bn _2rdamedia |
||
| 338 |
_acilt _bnc _2rdacarrier |
||
| 490 | 1 |
_aMarif Yayınları ; _v8. |
|
| 490 | 1 |
_aOsmanlıca Öğrenim Dizisi ; _v3. |
|
| 650 | 0 |
_aTurkish language--Grammar. _91903 |
|
| 650 | 0 |
_aTürk dili--Gramer. _913266 |
|
| 830 | 1 |
_aMarif Yayınları ; _v8. _963860 |
|
| 830 | 1 |
_aOsmanlıca Öğrenim Dizisi ; _v3. _963861 |
|
| 942 |
_2lcc _cBK |
||
| 999 |
_c32847 _d32847 |
||